[Event "FRA-chT"]
[Site "FRA"]
[Date "1996.??.??"]
[Round "?"]
[White "Marzolo, Cyril"]
[Black "Bujisho, Benjamin"]
[Result "0-1"]
[WhiteElo "2200"]
[BlackElo "2220"]
[PlyCount "78"]
[EventDate "1996.??.??"]
[Source "ChessBase"]

1. d4 Nf6 2. c4 c5 3. d5 e6 4. Nc3 exd5 5. cxd5 d6 6. e4 g6 7. f3 Bg7 8. Bg5
O-O 9. Qd2 a6 10. a4 Nbd7 11. Nh3 Rb8 12. Nf2 Qc7 13. Be2 c4 14. O-O b5 15.
axb5 axb5 16. b4 cxb3 17. Nxb5 Qb6 18. Rab1 Nc5 19. Qf4 Nfd7 20. Nxd6 Ba6 21.
Bxa6 Qxa6 22. Ng4 Nd3 23. Qg3 N7e5 24. Nh6+ Bxh6 25. Bxh6 Qxd6 26. Bxf8 Qxf8
27. f4 Qc5+ 28. Kh1 Ng4 29. Qxd3 Nf2+ 30. Rxf2 Qxf2 31. h3 b2 32. d6 Qxf4 33.
d7 Qc1+ 34. Kh2 Rd8 35. Qf1 Qxf1 36. Rxf1 Rxd7 37. Rb1 Rb7 38. Kg3 Kg7 39. Kf4
Kf6 0-1

[Event "FRA-chT"]
[Site "FRA"]
[Date "1996.??.??"]
[Round "?"]
[White "Marzolo, Cyril"]
[Black "Capit, Francois"]
[Result "0-1"]
[WhiteElo "2200"]
[BlackElo "2195"]
[PlyCount "58"]
[EventDate "1996.??.??"]
[Source "ChessBase"]

1. d4 f5 2. c4 Nf6 3. Nc3 b6 4. Nf3 Bb7 5. g3 e6 6. a3 Be7 7. Bg2 O-O 8. O-O
Qe8 9. d5 Qh5 10. Bf4 Na6 11. Nd4 g5 12. Bc1 Ng4 13. h3 Rf6 14. hxg4 fxg4 15.
e4 Raf8 16. Be3 c5 17. dxc6 dxc6 18. Nde2 Nc5 19. Qc2 e5 20. Rfd1 Bc8 21. b4
Ne6 22. Nd5 cxd5 23. cxd5 Nf4 24. gxf4 gxf4 25. d6 Bxd6 26. Qc4+ Be6 27. Qc6
Bb8 28. Nxf4 exf4 29. Bd4 Rg6 0-1

[Event "FRA-chT"]
[Site "FRA"]
[Date "1996.??.??"]
[Round "?"]
[White "Marzolo, Cyril"]
[Black "Ebalard, Marc"]
[Result "1-0"]
[WhiteElo "2200"]
[BlackElo "2250"]
[PlyCount "115"]
[EventDate "1996.??.??"]
[Source "ChessBase"]

1. d4 g6 2. c4 Bg7 3. Nc3 d6 4. e4 c6 5. Nf3 Bg4 6. Be2 Qb6 7. Na4 Qc7 8. O-O
Nf6 9. e5 dxe5 10. Nxe5 Bxe2 11. Qxe2 O-O 12. Bg5 Nbd7 13. Rfe1 Rfe8 14. Rad1
Rad8 15. h3 Qc8 16. Nf3 Nf8 17. Nc3 Ne6 18. Be3 Qb8 19. g3 b6 20. Ne5 Qd6 21.
f4 Rc8 22. a3 Qb8 23. b4 Nh5 24. Qf3 Bxe5 25. fxe5 Rf8 26. Bh6 c5 27. Bxf8 Nxd4
28. Rxd4 cxd4 29. Nd5 Rxf8 30. g4 Ng7 31. Nxe7+ Kh8 32. Qf6 Qc7 33. Nc6 Re8 34.
b5 Kg8 35. Rd1 Re6 36. Qf3 f6 37. Rxd4 fxe5 38. Rd8+ Re8 39. Qd5+ Qf7 40. Qxf7+
Kxf7 41. Rd7+ Kf8 42. Rxa7 e4 43. Rb7 e3 44. Kf1 Re4 45. Rxb6 Ne6 46. Rb8+ Kf7
47. Nd8+ Nxd8 48. Rxd8 Rxc4 49. Rd3 Rc1+ 50. Ke2 Rb1 51. a4 Ke6 52. Kxe3 Ke5
53. Ra3 h5 54. a5 Rxb5 55. a6 Rb8 56. a7 Ra8 57. Ra5+ Kf6 58. g5+ 1-0

[Event "FRA-chT"]
[Site "FRA"]
[Date "1996.??.??"]
[Round "?"]
[White "Marzolo, Cyril"]
[Black "Moingt, Jean Claude"]
[Result "0-1"]
[WhiteElo "2200"]
[BlackElo "2305"]
[PlyCount "74"]
[EventDate "1996.??.??"]
[Source "ChessBase"]

1. d4 Nf6 2. c4 c5 3. d5 b5 4. cxb5 a6 5. Nc3 axb5 6. e4 b4 7. Nb5 d6 8. Bf4
Nxe4 9. Qe2 g5 10. Qxe4 gxf4 11. Nf3 Bg7 12. Bc4 Bxb2 13. Rb1 Bf6 14. O-O Qb6
15. Rfe1 Ba6 16. Qxf4 Kd8 17. a4 Rg8 18. a5 Qxa5 19. Nxd6 Nd7 20. Nxf7+ Kc8 21.
Bxa6+ Qxa6 22. d6 Qd3 23. dxe7 Bxe7 24. g3 Qg6 25. Rbd1 Qf6 26. Qe4 Ra7 27.
N7e5 Nxe5 28. Nxe5 Rf8 29. Re2 Bd6 30. Qc6+ Bc7 31. Qxc5 Ra5 32. Qxb4 Rxe5 33.
Rxe5 Bxe5 34. Rc1+ Bc7 35. Qg4+ Qf5 36. Qe2 Qg6 37. Qe5 Qf7 0-1

[Event "FRA-chT"]
[Site "FRA"]
[Date "1996.??.??"]
[Round "?"]
[White "Marzolo, Cyril"]
[Black "Moulain, Jean Pierre"]
[Result "1-0"]
[WhiteElo "2200"]
[BlackElo "2185"]
[PlyCount "73"]
[EventDate "1996.??.??"]
[Source "ChessBase"]

1. d4 Nf6 2. c4 e6 3. Nc3 d5 4. cxd5 exd5 5. Bg5 Be7 6. e3 Nbd7 7. Bd3 O-O 8.
Nge2 Re8 9. O-O Nf8 10. b4 Ne6 11. Bxf6 Bxf6 12. Qb3 c6 13. Rac1 Ng5 14. b5 Qd6
15. bxc6 bxc6 16. Qc2 g6 17. Na4 Bd7 18. Nc5 Rac8 19. Rb1 Rb8 20. Rxb8 Rxb8 21.
Nxd7 Qxd7 22. Rc1 Rc8 23. Nf4 Qd6 24. Ba6 Rc7 25. g3 c5 26. Bf1 Ne6 27. Nxe6
fxe6 28. dxc5 Qe5 29. Bh3 Kg7 30. c6 Qd6 31. Qa4 Kf7 32. Bg2 Be7 33. h4 Qb4 34.
Qc2 Kg7 35. Bh3 Qd6 36. Qb2+ Bf6 37. Qb8 1-0

[Event "FRA-chT"]
[Site "FRA"]
[Date "1996.??.??"]
[Round "?"]
[White "Mathe, Aurelien"]
[Black "Bujisho, Raphaelle"]
[Result "0-1"]
[WhiteElo "2195"]
[BlackElo "2245"]
[PlyCount "54"]
[EventDate "1996.??.??"]
[Source "ChessBase"]

1. e4 e5 2. Nf3 d6 3. Bc4 Be7 4. d4 exd4 5. Nxd4 Nf6 6. Nc3 O-O 7. O-O c6 8.
Qf3 Nbd7 9. Bb3 Nc5 10. Bf4 Nxb3 11. axb3 Bg4 12. Qg3 Qd7 13. f3 Be6 14. Be3 d5
15. Nxe6 Qxe6 16. Rxa7 Bd6 17. Qh4 Rae8 18. Rxb7 dxe4 19. fxe4 Ng4 20. Bf4 Bc5+
21. Kh1 Qc8 22. Rc7 Qa6 23. Qe1 Bd4 24. Rf3 f5 25. h3 fxe4 26. Nxe4 Rxe4 27.
Qxe4 Qa1+ 0-1

[Event "FRA-chT"]
[Site "FRA"]
[Date "1996.??.??"]
[Round "?"]
[White "Mathe, Aurelien"]
[Black "Ebalard, Marc"]
[Result "0-1"]
[WhiteElo "2195"]
[BlackElo "2250"]
[PlyCount "110"]
[EventDate "1996.??.??"]
[Source "ChessBase"]

1. e4 g6 2. d4 Bg7 3. Nc3 c6 4. h4 d5 5. h5 dxe4 6. Be3 Nf6 7. h6 Bf8 8. Bc4
Nbd7 9. Nge2 Nb6 10. Bb3 Bg4 11. Qd2 Bxe2 12. Nxe2 e6 13. Rd1 Be7 14. c4 O-O
15. Nf4 Qc7 16. Qc3 Ng4 17. Bc2 Bf6 18. Bd2 e3 19. fxe3 e5 20. Ne2 Qe7 21. b3
Rfe8 22. e4 exd4 23. Qg3 Ne5 24. Nxd4 Rad8 25. Bc3 c5 26. Nf5 Rxd1+ 27. Bxd1
Qd8 28. O-O Nbd7 29. Bc2 Nf8 30. Rd1 Qb8 31. Rd6 Bh8 32. Rd5 Nc6 33. Bxh8 Qxg3
34. Nxg3 Kxh8 35. Rxc5 Ne6 36. Rd5 Nb4 37. Bb1 Nxd5 38. cxd5 Nc5 39. Kf2 Kg8
40. Ke3 f6 41. Kd4 Nd7 42. Ne2 Kf8 43. Nf4 Ke7 44. b4 Kd6 45. Bd3 Ne5 46. Be2
Nf7 47. Bg4 Nxh6 48. Be6 Re7 49. g4 g5 50. Nh5 Rxe6 51. dxe6 Kxe6 52. Ng7+ Kf7
53. Nf5 Nxf5+ 54. exf5 h5 55. gxh5 Kg7 0-1

[Event "FRA-chT"]
[Site "FRA"]
[Date "1996.??.??"]
[Round "?"]
[White "Mensch, Etienne"]
[Black "Capit, Francois"]
[Result "1-0"]
[WhiteElo "2270"]
[BlackElo "2195"]
[PlyCount "43"]
[EventDate "1996.??.??"]
[Source "ChessBase"]

1. d4 Nf6 2. c4 c5 3. d5 b5 4. cxb5 a6 5. Nc3 axb5 6. e4 b4 7. Nb5 d6 8. Bc4 g6
9. e5 dxe5 10. d6 Na6 11. Nf3 Bg7 12. Nxe5 O-O 13. Nc6 Qd7 14. Nxe7+ Kh8 15.
Nxc8 Rfxc8 16. O-O Rab8 17. a4 bxa3 18. Rxa3 Nb4 19. Ra7 Qc6 20. Rc7 Qe4 21.
Rxc8+ Rxc8 22. d7 1-0

[Event "FRA-chT"]
[Site "FRA"]
[Date "1996.??.??"]
[Round "?"]
[White "Mensch, Etienne"]
[Black "Cerf, Max"]
[Result "1-0"]
[WhiteElo "2270"]
[BlackElo "2250"]
[PlyCount "111"]
[EventDate "1996.??.??"]
[Source "ChessBase"]

1. d4 Nf6 2. c4 e6 3. Nc3 Bb4 4. Nf3 O-O 5. Bg5 c5 6. e3 Qa5 7. Bxf6 Bxc3+ 8.
bxc3 Qxc3+ 9. Nd2 gxf6 10. Rb1 d6 11. Rb3 Qa5 12. Qh5 Kg7 13. e4 Rh8 14. e5
dxe5 15. dxe5 f5 16. g4 Nc6 17. gxf5 exf5 18. Rg1+ Kf8 19. Qh6+ Ke8 20. Qd6 Qd8
21. Qxc5 Qe7 22. Qxe7+ Kxe7 23. f4 Nd4 24. Rh3 Bd7 25. Rg7 Ne6 26. Rgxh7 Rxh7
27. Rxh7 Nxf4 28. Nf3 Rc8 29. Kf2 Ne6 30. h4 b5 31. cxb5 Rc2+ 32. Ke1 Rxa2 33.
Ng5 Nxg5 34. hxg5 Be6 35. g6 Kf8 36. gxf7 Ra1+ 37. Kf2 Bxf7 38. Bd3 Rc1 39. Ke3
Kg8 40. Rh6 Rc5 41. Kf4 Be8 42. Kxf5 Bxb5 43. Bxb5 Rxb5 44. Kf6 Rb1 45. Rh2
Rf1+ 46. Ke7 Re1 47. Rg2+ Kh7 48. e6 a5 49. Rg4 Re2 50. Kf7 Rf2+ 51. Ke8 Re2
52. e7 Re1 53. Kd7 Rd1+ 54. Ke6 Re1+ 55. Kf6 Re2 56. Rg5 1-0

[Event "FRA-chT"]
[Site "FRA"]
[Date "1996.??.??"]
[Round "?"]
[White "Miralles, Gilles"]
[Black "Beikert, Guenther"]
[Result "1-0"]
[WhiteElo "2480"]
[BlackElo "2435"]
[PlyCount "65"]
[EventDate "1996.??.??"]
[Source "ChessBase"]

1. d4 d5 2. c4 c6 3. Nc3 Nf6 4. e3 e6 5. Nf3 Nbd7 6. Bd3 a6 7. a4 Bb4 8. O-O
O-O 9. Bd2 Qe7 10. a5 e5 11. dxe5 Nxe5 12. Nxe5 Qxe5 13. cxd5 cxd5 14. Ra4 Bd6
15. Rh4 Bf5 16. f4 Qe6 17. Bxf5 Qxf5 18. g4 Qd3 19. g5 Ne4 20. Nxe4 Qxe4 21.
Rf3 d4 22. Rfh3 dxe3 23. Bxe3 Rad8 24. Rxh7 Qxh7 25. Rxh7 Kxh7 26. Qh5+ Kg8 27.
f5 Rfe8 28. Bb6 Rc8 29. g6 fxg6 30. fxg6 Be5 31. Qf5 Rc1+ 32. Kg2 Re7 33. Bd8
1-0

[Event "FRA-chT"]
[Site "FRA"]
[Date "1996.??.??"]
[Round "?"]
[White "Miralles, Gilles"]
[Black "Inkiov, Ventzislav"]
[Result "1/2-1/2"]
[WhiteElo "2480"]
[BlackElo "2505"]
[PlyCount "23"]
[EventDate "1996.??.??"]
[Source "ChessBase"]

1. d4 Nf6 2. c4 e6 3. Nf3 d5 4. Nc3 Bb4 5. Bg5 h6 6. Bxf6 Qxf6 7. Qb3 c5 8. e3
O-O 9. Rc1 cxd4 10. Qxb4 Nc6 11. Qa3 dxc3 12. Qxc3 1/2-1/2

[Event "FRA-chT"]
[Site "FRA"]
[Date "1996.??.??"]
[Round "?"]
[White "Miralles, Gilles"]
[Black "Monnard, Laurent"]
[Result "1-0"]
[WhiteElo "2480"]
[BlackElo "2230"]
[PlyCount "55"]
[EventDate "1996.??.??"]
[Source "ChessBase"]

1. d4 Nf6 2. c4 e6 3. Nf3 b6 4. Nc3 Ba6 5. e4 Bb4 6. e5 Ne4 7. Qb3 c5 8. Bd3 d5
9. O-O Bxc3 10. bxc3 Qc8 11. Ba3 O-O 12. Rac1 Nc6 13. Qb1 Na5 14. cxd5 exd5 15.
c4 Qd7 16. Rfd1 Qa4 17. cxd5 Bxd3 18. Qxd3 c4 19. Qe3 Rfe8 20. Qxe4 Qxa3 21.
Ng5 g6 22. Qh4 h5 23. d6 Qa4 24. Ne4 Rf8 25. Nf6+ Kg7 26. Qg5 Rh8 27. d5 Rad8
28. e6 1-0

[Event "FRA-chT"]
[Site "FRA"]
[Date "1996.??.??"]
[Round "?"]
[White "Miralles, Gilles"]
[Black "Szabolcsi, Janos"]
[Result "1/2-1/2"]
[WhiteElo "2480"]
[BlackElo "2425"]
[PlyCount "83"]
[EventDate "1996.??.??"]
[Source "ChessBase"]

1. d4 f5 2. c4 Nf6 3. Nc3 g6 4. Bg5 Bg7 5. e3 c6 6. Qc2 d6 7. O-O-O Qa5 8. h4
Be6 9. Nh3 Nbd7 10. Bd3 Bf7 11. Rhe1 O-O 12. Bxf6 exf6 13. Nf4 Rfc8 14. h5 b5
15. hxg6 hxg6 16. Nxg6 Bxg6 17. Bxf5 Bxf5 18. Qxf5 Nf8 19. cxb5 a6 20. a4 axb5
21. axb5 Kf7 22. Kc2 cxb5 23. Ra1 Qd8 24. Qh5+ Ng6 25. Qxb5 Rab8 26. Qd5+ Kf8
27. Ra6 Ne7 28. Qxd6 Qe8 29. Ra7 Qf7 30. Qa3 f5 31. Rh1 Bf6 32. Rh6 f4 33. Qd6
Qb3+ 34. Kd3 Rxc3+ 35. bxc3 Qb1+ 36. Ke2 Rb2+ 37. Kf3 Qd1+ 38. Kxf4 Rxf2+ 39.
Kg3 Qe1 40. Kh2 Rxg2+ 41. Kxg2 Qe2+ 42. Kh1 1/2-1/2

[Event "FRA-chT"]
[Site "FRA"]
[Date "1996.??.??"]
[Round "?"]
[White "Miralles, Gilles"]
[Black "Tkachiev, Vladislav"]
[Result "1/2-1/2"]
[WhiteElo "2480"]
[BlackElo "2620"]
[PlyCount "52"]
[EventDate "1996.??.??"]
[Source "ChessBase"]

1. d4 d6 2. g3 g6 3. Nf3 Nf6 4. Bg2 Bg7 5. c4 O-O 6. O-O Nc6 7. d5 Na5 8. Na3
c5 9. dxc6 Nxc6 10. Nd4 Bd7 11. Nac2 Qc8 12. b3 Bh3 13. Bb2 Bxg2 14. Kxg2 Rd8
15. Qe1 e5 16. Nxc6 Qxc6+ 17. Kg1 b5 18. Nb4 Qb7 19. cxb5 Qxb5 20. Nd3 a5 21.
Qd2 a4 22. bxa4 Rxa4 23. a3 h5 24. Nb4 Kh7 25. Rfd1 h4 26. Qd3 Qd7 1/2-1/2

[Event "FRA-chT"]
[Site "FRA"]
[Date "1996.??.??"]
[Round "?"]
[White "Mitkov, Nikola"]
[Black "Yedidia, Jonathan"]
[Result "0-1"]
[WhiteElo "2470"]
[BlackElo "2445"]
[PlyCount "76"]
[EventDate "1996.??.??"]
[Source "ChessBase"]

1. e4 e6 2. Nc3 d5 3. d4 Bb4 4. e5 c5 5. a3 Bxc3+ 6. bxc3 Qc7 7. Qg4 f5 8. Qg3
cxd4 9. cxd4 Ne7 10. Bd2 O-O 11. Bd3 b6 12. Ne2 Ba6 13. Nf4 Qd7 14. Bxa6 Nxa6
15. h4 Kh8 16. h5 Rf7 17. O-O Rc8 18. c3 Nb8 19. a4 Nbc6 20. Bc1 Na5 21. Ba3
Nec6 22. Nh3 Qe8 23. Rad1 Nc4 24. Bc1 Rfc7 25. h6 g6 26. Bg5 N6a5 27. Qh4 Nb2
28. Ra1 Kg8 29. Nf4 Rxc3 30. Be7 Nc6 31. Bd6 Nxd4 32. Kh1 R3c4 33. Qg5 Nxa4 34.
Ra3 Qf7 35. Rg3 Nc3 36. Re1 Ne4 37. Rxe4 fxe4 38. Be7 Nf5 0-1

[Event "FRA-chT"]
[Site "FRA"]
[Date "1996.??.??"]
[Round "?"]
[White "Mohebbi, Jafar"]
[Black "Bouton, Christophe"]
[Result "1/2-1/2"]
[WhiteElo "2215"]
[BlackElo "2190"]
[PlyCount "235"]
[EventDate "1996.??.??"]
[Source "ChessBase"]

1. d4 d5 2. Nf3 Nc6 3. g3 Bf5 4. Bg2 e6 5. O-O Nb4 6. Na3 Be7 7. c4 c6 8. Bd2
Na6 9. Qa4 Nf6 10. Ne5 Qc8 11. Rac1 O-O 12. b4 Qe8 13. Qb3 Ne4 14. Be1 h6 15.
f3 Nf6 16. Bd2 Bh7 17. Rfe1 Nd7 18. Ng4 Nc7 19. e4 Qd8 20. Bf4 dxc4 21. Nxc4
Nf6 22. Bxc7 Qxc7 23. Nge3 Rad8 24. Red1 Qb8 25. Kh1 h5 26. b5 cxb5 27. Qxb5 h4
28. gxh4 Qf4 29. Qg5 Qxg5 30. hxg5 Nh5 31. h4 Ng3+ 32. Kh2 Ne2 33. Rc2 Nxd4 34.
Rcd2 Nb5 35. Rd7 Rxd7 36. Rxd7 Bc5 37. Rxb7 Nd6 38. Nxd6 Bxd6+ 39. Kg1 Bg6 40.
Kf2 Rd8 41. Ke2 Bg3 42. Rxa7 Bxh4 43. Ra5 Bg3 44. Bh3 Bf4 45. Bg4 Rd4 46. Ra8+
Kh7 47. Ra5 Kg8 48. Ra8+ Kh7 49. Ra5 Bc7 50. Rc5 Rd7 51. a4 Bd6 52. Rb5 Be7 53.
a5 Rd4 54. Nf5 exf5 55. exf5 Bxg5 56. fxg6+ Kxg6 57. a6 Rd2+ 58. Kf1 Ra2 59.
Bc8 Be3 60. Ke1 f6 61. Rb3 Bc5 62. Kd1 Kh6 63. Kc1 g6 64. Kb1 Ra5 65. Kc2 Ba7
66. Bb7 Rc5+ 67. Kd3 Kg5 68. Rb4 f5 69. Rd4 Ra5 70. Rd6 Rc5 71. Re6 Rc7 72. Bc6
Rg7 73. Be8 Kf4 74. Bxg6 Kxf3 75. Bxf5 Kf4 76. Be4 Rc7 77. Re8 Kg5 78. Rf8 Kh6
79. Bb7 Kg7 80. Ra8 Bb6 81. Ke4 Kf6 82. Kd5 Ke7 83. Bc6 Ra7 84. Re8+ Kf7 85.
Bb5 Re7 86. Rh8 Ba7 87. Kd6 Re6+ 88. Kd5 Kg7 89. Ra8 Re7 90. Kd6 Kf6 91. Bd7
Bd4 92. a7 Bxa7 93. Rxa7 Re1 94. Bc6 Re6+ 95. Kd5 Re5+ 96. Kd4 Re1 97. Be4 Rd1+
98. Bd3 Re1 99. Ra2 Re7 100. Rf2+ Kg7 101. Bf5 Kf6 102. Be4+ Kg7 103. Rg2+ Kf6
104. Rg6+ Kf7 105. Ra6 Kg7 106. Ke3 Rf7 107. Rg6+ Kf8 108. Bd5 Rg7 109. Rf6+
Ke7 110. Re6+ Kf8 111. Kd4 Re7 112. Rg6 Rg7 113. Rh6 Rg5 114. Ke4 Kg7 115. Re6
Rg1 116. Ke5 Rg5+ 117. Kd6 Rg6 118. Rxg6+ 1/2-1/2

[Event "FRA-chT"]
[Site "FRA"]
[Date "1996.??.??"]
[Round "?"]
[White "Mohebbi, Jafar"]
[Black "Lefebvre, Herve"]
[Result "1/2-1/2"]
[WhiteElo "2215"]
[BlackElo "2105"]
[PlyCount "57"]
[EventDate "1996.??.??"]
[Source "ChessBase"]

1. d4 Nf6 2. c4 g6 3. Nc3 Bg7 4. e4 d6 5. Nf3 O-O 6. Be2 e5 7. dxe5 dxe5 8.
Qxd8 Rxd8 9. Bg5 Re8 10. Nd5 Nxd5 11. cxd5 c6 12. Bc4 cxd5 13. Bxd5 Nc6 14.
Bxc6 bxc6 15. Rc1 Be6 16. O-O f6 17. Be3 Bxa2 18. Rxc6 Reb8 19. Ra1 Rxb2 20.
Bc1 Rb6 21. Rc7 Be6 22. Be3 Rb4 23. Re7 Bf7 24. Raxa7 Rxa7 25. Bxa7 Rxe4 26.
Bc5 Bd5 27. Nd2 Rg4 28. f3 Rf4 29. Ra7 1/2-1/2

[Event "FRA-chT"]
[Site "FRA"]
[Date "1996.??.??"]
[Round "?"]
[White "Moingt, Jean Claude"]
[Black "Boudre, Jean Pierre"]
[Result "0-1"]
[WhiteElo "2305"]
[BlackElo "2400"]
[PlyCount "66"]
[EventDate "1996.??.??"]
[Source "ChessBase"]

1. Nf3 c5 2. g3 b6 3. Bg2 Bb7 4. c4 Nf6 5. Nc3 g6 6. O-O Bg7 7. d4 cxd4 8. Qxd4
d6 9. Rd1 Nbd7 10. b3 O-O 11. Qh4 Rc8 12. Bh6 Rc5 13. Ng5 Bxg2 14. Kxg2 Qa8+
15. Kg1 Rfc8 16. Nd5 Nxd5 17. Bxg7 N5f6 18. Bxf6 Nxf6 19. Nf3 Qb7 20. Ne1 b5
21. cxb5 Qxb5 22. Nd3 Rc2 23. Rdc1 Qa5 24. Kg2 Qd5+ 25. Kh3 Rxc1 26. Rxc1 Rxc1
27. Nxc1 Qd1 28. Qf4 Qf1+ 29. Kh4 Kg7 30. g4 h6 31. g5 hxg5+ 32. Kxg5 Qg1+ 33.
Kh4 e5 0-1

[Event "FRA-chT"]
[Site "FRA"]
[Date "1996.??.??"]
[Round "?"]
[White "Moingt, Jean Claude"]
[Black "Roos, Jean Luc"]
[Result "1-0"]
[WhiteElo "2305"]
[BlackElo "2325"]
[PlyCount "151"]
[EventDate "1996.??.??"]
[Source "ChessBase"]

1. Nf3 e6 2. g3 f5 3. Bg2 Nf6 4. b3 Be7 5. Bb2 O-O 6. O-O d6 7. d3 e5 8. c4 c5
9. Nc3 Nc6 10. e3 Kh8 11. Nd5 Be6 12. Nxe7 Qxe7 13. d4 e4 14. d5 exf3 15. Bxf3
Ne5 16. dxe6 Nxf3+ 17. Qxf3 Ne4 18. Rad1 Qxe6 19. Qf4 Kg8 20. h4 h6 21. Kg2
Rad8 22. h5 d5 23. Qc7 Rd7 24. cxd5 Qf7 25. Qf4 Rxd5 26. f3 Ng5 27. Rxd5 Qxd5
28. Qe5 Qxe5 29. Bxe5 Re8 30. Bf4 Ne6 31. Kf2 Rd8 32. Ke2 Kf7 33. Be5 Rd5 34.
Bc3 Rd7 35. Rg1 Nc7 36. g4 Nd5 37. Be5 Ke6 38. f4 fxg4 39. Rxg4 Nf6 40. Rg6 Kf5
41. Bxf6 gxf6 42. Rxh6 b5 43. Rh8 Rc7 44. Kf3 Ke6 45. h6 c4 46. h7 Kf5 47. Rb8
Rxh7 48. Rxb5+ Ke6 49. bxc4 Rc7 50. Ra5 f5 51. Ra6+ Kf7 52. Ke2 Rxc4 53. Rxa7+
Kg6 54. Kd3 Rc1 55. a4 Ra1 56. Kd4 Ra3 57. e4 fxe4 58. Kxe4 Ra1 59. Ra6+ Kg7
60. Kf5 Rf1 61. a5 Rf2 62. Ra7+ Kh6 63. Ra8 Kg7 64. a6 Rf1 65. a7 Ra1 66. Kg5
Rg1+ 67. Kh4 Rh1+ 68. Kg3 Rg1+ 69. Kf2 Ra1 70. f5 Ra6 71. Ke3 Ra3+ 72. Kd4 Ra4+
73. Kc3 Ra3+ 74. Kb4 Ra6 75. f6+ Rxf6 76. Rb8 1-0

[Event "FRA-chT"]
[Site "FRA"]
[Date "1996.??.??"]
[Round "?"]
[White "Monnard, Laurent"]
[Black "Gachon, Lionel"]
[Result "1-0"]
[WhiteElo "2230"]
[BlackElo "2275"]
[PlyCount "99"]
[EventDate "1996.??.??"]
[Source "ChessBase"]

1. c4 Nf6 2. Nc3 c5 3. g3 e6 4. Nf3 b6 5. Bg2 Bb7 6. O-O Be7 7. b3 O-O 8. Bb2
d6 9. e3 Nbd7 10. Qe2 Rc8 11. Nh4 Bxg2 12. Nxg2 d5 13. d3 a6 14. f4 d4 15. Nb1
b5 16. Nd2 Nb6 17. Rad1 Qd7 18. Nf3 Rfd8 19. exd4 cxd4 20. Bxd4 Qb7 21. Ba1 a5
22. Ne5 bxc4 23. bxc4 Na4 24. f5 Nc5 25. Ne3 Qa7 26. Kh1 Qa8+ 27. Qg2 Qxg2+ 28.
Kxg2 Rc7 29. fxe6 fxe6 30. Kf3 a4 31. Ke2 Na6 32. Nc2 Rb8 33. Nd4 Nc5 34. Ndc6
Re8 35. Nxe7+ Rexe7 36. Rb1 Rb7 37. Bd4 Na6 38. Nc6 Rec7 39. Nd8 Rxb1 40. Rxb1
Rc8 41. Nb7 Re8 42. Nd6 Rd8 43. Rb6 Nb8 44. Bxf6 gxf6 45. Nb7 Re8 46. Nc5 a3
47. Rxe6 Rxe6+ 48. Nxe6 Nc6 49. Nc7 Nd4+ 50. Ke3 1-0

[Event "FRA-chT"]
[Site "FRA"]
[Date "1996.??.??"]
[Round "?"]
[White "Moulain, Jean Pierre"]
[Black "Collas, Didier"]
[Result "0-1"]
[WhiteElo "2185"]
[BlackElo "2360"]
[PlyCount "82"]
[EventDate "1996.??.??"]
[Source "ChessBase"]

1. d4 Nf6 2. Nf3 g6 3. g3 Bg7 4. Bg2 O-O 5. O-O c5 6. d5 d6 7. c4 b5 8. cxb5 a6
9. bxa6 Nxa6 10. Nc3 Bb7 11. Ne1 Nc7 12. Nc2 Ra7 13. Ne3 Qa8 14. Nc4 Nd7 15.
Bh3 Nf6 16. Nb6 Qb8 17. Bg5 Re8 18. a4 Ba6 19. a5 Na8 20. Nca4 Bb5 21. Nxa8
Qxa8 22. Nb6 Qb7 23. Re1 Ne4 24. Bc1 c4 25. Ra3 Rxa5 26. Rxa5 Qxb6 27. Rxb5
Qxb5 28. Bg2 Nc5 29. Qc2 Na4 30. e4 Rc8 31. Re2 c3 32. Bf1 Nxb2 33. Bxb2 Qxb2
34. Kg2 Bf6 35. h4 h5 36. Kh2 Qa1 37. Kg2 Rb8 38. Qd3 Rb2 39. f4 Qa2 40. Kf3
Rxe2 41. Bxe2 c2 0-1

[Event "FRA-chT"]
[Site "FRA"]
[Date "1996.??.??"]
[Round "?"]
[White "Moulain, Jean Pierre"]
[Black "Laruelle, Joel"]
[Result "1/2-1/2"]
[WhiteElo "2185"]
[BlackElo "2085"]
[PlyCount "111"]
[EventDate "1996.??.??"]
[Source "ChessBase"]

1. d4 d5 2. Nf3 c6 3. c4 e6 4. Nc3 dxc4 5. a4 Bb4 6. e4 b5 7. Bd2 a5 8. e5 Bxc3
9. bxc3 h6 10. Qb1 Qd5 11. Be2 Ne7 12. O-O Bb7 13. Bc1 Nd7 14. Nd2 Nb6 15. Ne4
Nf5 16. Bf3 Qd7 17. axb5 Nd5 18. Nc5 Qc8 19. Nxb7 Qxb7 20. bxc6 Qxb1 21. Rxb1
Nxc3 22. c7 Nd5 23. Bxd5 exd5 24. Rb5 Nxd4 25. Rxd5 Ne6 26. Rxa5 Kd7 27. Rd5+
Kxc7 28. Be3 Rhd8 29. Rxd8 Nxd8 30. Rc1 Ra4 31. f4 Kc6 32. Kf2 Nb7 33. Rb1 c3
34. Rc1 Rc4 35. Ke2 Nc5 36. g3 Na4 37. Kd3 Nb2+ 38. Kc2 Kb5 39. Bf2 Kb4 40. Be1
Na4 41. Rb1+ Kc5 42. Rb7 Rb4 43. Bf2+ Kc4 44. Rxb4+ Kxb4 45. Bd4 g6 46. g4 Kc4
47. f5 gxf5 48. gxf5 Kd5 49. f6 h5 50. h4 Nb2 51. Kxc3 Nc4 52. e6 Nd6 53. e7
Ke4 54. Bc5 Ne8 55. Bd4 Nd6 56. Bc5 1/2-1/2

[Event "FRA-chT"]
[Site "FRA"]
[Date "1996.??.??"]
[Round "?"]
[White "Moulain, Jean Pierre"]
[Black "Lecuyer, Christian"]
[Result "1-0"]
[WhiteElo "2185"]
[BlackElo "2230"]
[PlyCount "121"]
[EventDate "1996.??.??"]
[Source "ChessBase"]

1. d4 Nf6 2. c4 e6 3. Nf3 c5 4. d5 exd5 5. cxd5 d6 6. g3 g6 7. Bg2 Bg7 8. O-O
O-O 9. Nc3 Re8 10. a4 a6 11. h3 Nbd7 12. Re1 Ne4 13. Nxe4 Rxe4 14. Nd2 Rb4 15.
Qc2 f5 16. e3 Rb8 17. Ra2 b5 18. a5 Qf6 19. Rd1 c4 20. Nf3 Nc5 21. Nd4 Bd7 22.
Bd2 Rb3 23. Bf1 g5 24. Bc3 f4 25. exf4 gxf4 26. Ne2 Rxc3 27. bxc3 Nd3 28. Rxd3
cxd3 29. Qxd3 fxg3 30. fxg3 Rf8 31. Bg2 Qf2+ 32. Kh2 Bf5 33. Qd2 Be4 34. Nd4
Qxg2+ 35. Qxg2 Bxg2 36. Kxg2 Bxd4 37. cxd4 b4 38. Rb2 Rb8 39. Kf3 Kf7 40. Ke4
Rb5 41. g4 h6 42. h4 Kf6 43. Rb3 Ke7 44. Kd3 Rxd5 45. Rxb4 Rxa5 46. Rb7+ Kf6
47. Ke4 Ra1 48. Rh7 Kg6 49. Rd7 a5 50. Rxd6+ Kg7 51. h5 a4 52. Rg6+ Kh7 53. Ra6
a3 54. Ra7+ Kg8 55. Kf5 Kf8 56. g5 a2 57. Kg6 hxg5 58. h6 g4 59. h7 Rh1 60.
Rxa2 g3 61. d5 1-0

[Event "FRA-chT"]
[Site "FRA"]
[Date "1996.??.??"]
[Round "?"]
[White "Moulain, Jean Pierre"]
[Black "Mensch, Etienne"]
[Result "0-1"]
[WhiteElo "2185"]
[BlackElo "2270"]
[PlyCount "72"]
[EventDate "1996.??.??"]
[Source "ChessBase"]

1. d4 Nf6 2. c4 c5 3. d5 b5 4. cxb5 a6 5. bxa6 g6 6. Nc3 Bxa6 7. g3 d6 8. Bg2
Bg7 9. Nf3 O-O 10. O-O Nbd7 11. Ne1 Ne8 12. Nc2 Nc7 13. Bd2 Nb6 14. b4 Bc4 15.
bxc5 Nbxd5 16. Nxd5 Bxd5 17. cxd6 Qxd6 18. Bf4 e5 19. Bg5 Qe6 20. Nb4 Bxg2 21.
Kxg2 Qf5 22. Qd2 h6 23. Be3 Rfd8 24. Qc2 Qxc2 25. Nxc2 Nd5 26. a3 Rdc8 27. Rfd1
Nc3 28. Rd7 Nxe2 29. Nb4 Nd4 30. Nd5 Rc2 31. a4 Nf5 32. Ne7+ Nxe7 33. Rxe7 e4
34. Ra3 Bf8 35. a5 Bxe7 36. Ra4 Bc5 0-1

[Event "FRA-chT"]
[Site "FRA"]
[Date "1996.??.??"]
[Round "?"]
[White "Nataf, Igor Alexandre"]
[Black "Birens, Eric Andre"]
[Result "1-0"]
[WhiteElo "2305"]
[BlackElo "2135"]
[PlyCount "101"]
[EventDate "1996.??.??"]
[Source "ChessBase"]

1. e4 c5 2. Nf3 d6 3. d4 cxd4 4. Nxd4 Nf6 5. Nc3 a6 6. Bg5 e6 7. f4 Be7 8. Qf3
Qa5 9. O-O-O Nc6 10. Nb3 Qc7 11. Bd3 Bd7 12. Rhe1 h6 13. Bh4 Nxe4 14. Rxe4 Bxh4
15. Qg4 Bf6 16. Nd5 Qd8 17. Nxf6+ Qxf6 18. Bc4 b5 19. Bf1 O-O 20. Rxd6 Qe7 21.
Qd1 Rfd8 22. a3 Be8 23. Rd3 Rxd3 24. Bxd3 Rd8 25. Qg1 Qc7 26. Qc5 Qd7 27. Kb1
Qd5 28. Qb6 f5 29. Re2 Bf7 30. Rd2 Rb8 31. Qxa6 Be8 32. c4 Qd6 33. cxb5 Qxf4
34. bxc6 Rxb3 35. c7 Qxc7 36. Qxe6+ Bf7 37. Qxf5 g6 38. Qf6 Rb6 39. Qf2 Qd6 40.
Bc4 Bxc4 41. Rxd6 Rxd6 42. Qc5 Bd3+ 43. Kc1 Rd8 44. Qc7 Rf8 45. b4 Bf5 46. Kd2
Rc8 47. Qe7 Rc2+ 48. Kd1 Rxg2 49. Qd8+ Kg7 50. Qc7+ Kf8 51. Qb8+ 1-0